|
|
|
|
| LEADER |
00000caa a22000002c 4500 |
| 001 |
1525995480 |
| 003 |
DE-627 |
| 005 |
20220604105119.0 |
| 007 |
tu |
| 008 |
160223s1995 xx ||||| 00| ||ger c |
| 020 |
|
|
|a 3211827404
|
| 035 |
|
|
|a (DE-627)1525995480
|
| 035 |
|
|
|a (DE-576)455995486
|
| 035 |
|
|
|a (DE-599)BSZ455995486
|
| 040 |
|
|
|a DE-627
|b ger
|c DE-627
|e rakwb
|
| 041 |
|
|
|a ger
|
| 100 |
1 |
|
|a Dearing, Albin
|0 (DE-588)1061105776
|0 (DE-627)804369909
|0 (DE-576)181103214
|4 aut
|
| 109 |
|
|
|a Dearing, Albin
|
| 245 |
1 |
0 |
|a Sicherheitspolizei und Strafrechtspflege. Versuch einer Bestimmung des Verhältnisses zweier benachbarter Rechtsgebiete
|c Albin Dearing
|
| 264 |
|
1 |
|c 1995
|
| 336 |
|
|
|a Text
|b txt
|2 rdacontent
|
| 337 |
|
|
|a ohne Hilfsmittel zu benutzen
|b n
|2 rdamedia
|
| 338 |
|
|
|a Band
|b nc
|2 rdacarrier
|
| 773 |
0 |
8 |
|i In
|t Festschrift für Winfried Platzgummer
|d Wien : Springer, 1995
|g (1995), Seite 225-252
|h XII, 452 S.
|w (DE-627)188318089
|w (DE-576)04829036X
|z 3211827404
|7 nnam
|
| 773 |
1 |
8 |
|g year:1995
|g pages:225-252
|
| 935 |
|
|
|a mkri
|
| 951 |
|
|
|a AR
|
| ELC |
|
|
|b 1
|
| LOK |
|
|
|0 000 xxxxxcx a22 zn 4500
|
| LOK |
|
|
|0 001 2899492225
|
| LOK |
|
|
|0 003 DE-627
|
| LOK |
|
|
|0 004 1525995480
|
| LOK |
|
|
|0 005 20260210131814
|
| LOK |
|
|
|0 008 160208||||||||||||||||ger|||||||
|
| LOK |
|
|
|0 040
|a DE-21-110
|c DE-627
|d DE-21-110
|
| LOK |
|
|
|0 689
|a s
|a Strafrechtspflege
|
| LOK |
|
|
|0 689
|a s
|a Sicherheitspolizei
|
| LOK |
|
|
|0 852
|a DE-21-110
|
| LOK |
|
|
|0 852 1
|m p
|9 00
|
| LOK |
|
|
|0 935
|a k110
|
| LOK |
|
|
|0 938
|k p
|
| LOK |
|
|
|0 939
|a 08-02-16
|b l01
|
| ORI |
|
|
|a WA-MARC-krimdoka001.raw
|